000 00322nam a22001457a 4500
008 231124b ||||| |||| 00| 0 eng d
020 _a015555130
041 _aeng
080 _a316
082 _a316COS
100 _a24
101 _aSOCIOL
245 _aMASTERS OF SOCIOLOGICAL THOUGHT
_cCOSER.A.L
942 _2udc
_cBK
999 _c60510
_d60510